00846nam a2200217 a 4500001001000000003000900010005001700019007000300036008004100039040002500080049000900105082001500114100003300129245005700162260006700219300002000286942001400306952017200320952011900492999001700611000011723DO-SdBNP20220411114405.0ta091027s1954 dr 000 0 spa d aDO-SdBNPbspacBNPHU aBNPD axxxbA185b1 aAcosta Corsino, J. F.92777413aEl beneficio de los valores /cJ. F. Acosta Corsino. aCiudad Trujillo, República Dominicana :bPol Hermano,c1954. a87 p. ;c23 cm. 2ddccLBS1 001050718RVaPDbPDcHDd2009-10-27iLF1l0oxxx A185bp11723-10r2020-06-25w2020-06-25y1zPerteneció a la biblioteca personal de Martínez Boog.ZNo se presta 001050718RVaPDbPDcCTd2009-10-27iLF1l0oxxx A185bp11723-20r2020-06-25te. 2w2020-06-25y1ZNo se presta c11398d11398